[Event "Match 82__120'/40"]
[Site "Zürich"]
[Date "2025.??.??"]
[Round "15"]
[White "Scorpio 68000 sel. 4"]
[Black "Mephisto Explorer Pro"]
[Result "1-0"]
[Annotator "9-6 for Scorpio"]
[WhiteElo "2043"]
[BlackElo "2016"]
[WhiteFideId "-1"]
[BlackFideId "-1"]
[PlyCount "70"]
[GameId "542500985491"]
[EventDate "2025.10.05"]
[EventType "match"]
[EventRounds "50"]

{[%evp 0,70,25,25,63,65,84,60,51,19,33,24,23,20,36,19,11,36,26,26,33,31,31,37,74,46,54,50,51,32,43,33,54,13,0,0,40,36,11,-17,-1,-1,114,102,1317,845,847,877,876,885,885,885,886,891,907,921,942,931,947,955,968,989,1002,1004,1008,1157,1173,1211,1232,1261,1279,1322,1378]} 1. d4 c6 {Match Nr. 82 mit 120'/40 | Bediener: Rolf Bühler | Kommentator: Kurt Utzinger | 15. Partie: Weiss (Scorpio 68000 sel. 4) gewinnt | Zwischenstand: 9-6 für Scorpio 68000 sel. 4 | Stand hypothetisch: 8-7 für Mephisto Explorer Pro | Eröffnung: Caro Kann Verteidigung, Panow/Botvinnik Angriff bzw. Damengambit, Semi Tarrasch durch Zugumstellung | Buchzüge 11 (80) von Scorpio; 7 (68) von Mephisto Explorer Pro | Partieverlauf: Aus der Eröffnung heraus entsteht ein interessantes Mittelspiel mit isoliertem Bauer d4 von Weiss. Mit "normalen" Zügen wird man diesen strategisch anspruchsvollen Stellungen nicht gerecht. Taktische Schwächen und mangelnde Königssicherheit des Mephisto Explorer Pro sind dann für die sofort entscheidenden Fehler 20...Lh8? und 21...Lxd4?? verantwortlich. Dankend nimmt der Scorpio 68000 sel. 4 die Geschenke an und gewinnt wie so ganz nebenbei diese Partie.} ({Mit der Zugfolge} 1... d5 2. c4 e6 3. Nc3 Nf6 4. Nf3 c5 5. e3 cxd4 6. exd4 Be7 7. cxd5 Nxd5 {entsteht die gleiche Stellung wie in der Partie nach 7...Sxd5.}) 2. e4 d5 3. exd5 cxd5 4. c4 Nf6 5. Nc3 e6 6. Nf3 Be7 7. cxd5 Nxd5 $11 {***ENDE BUCH***} 8. Bd3 Nc6 9. O-O O-O 10. Re1 Bf6 11. a3 $11 {***ENDE BUCH***} Nde7 {Schwarz setzt sofort auf Druck gegen den Isolani auf d4.} 12. Be3 {Nun ist der dreifach angegriffene d4-Bauer zweimal direkt (Sf3, Le3) und einmal indirekt (Dd1) gedeckt.} b6 {Der zweite Läufer gehört auf die Diagonale a8-h1.} (12... Nxd4 $2 13. Nxd4 Bxd4 14. Bxd4 Qxd4 $4 15. Bxh7+ Kxh7 16. Qxd4 {und gewinnt}) (12... g6 13. Be4 Bg7 $6 14. Rc1 (14. h4 $142 $1 $16) 14... Bd7 (14... h6 $142) 15. b4 $16 {½- (64) ½ (64) Palachev,P (2405)-Volkov,S (2580) Voronezh 2018}) 13. Qc2 g6 14. Be4 Bb7 {Weiss steht besser. Aber solche Stellungen sind fein wie trickreich, so dass sich unsere Oldies damit immer schwer tun.} 15. Qd2 {= 0.10 (51%) Depth 52/64 besser sind:} (15. h4 Nd5 16. Bxd5 exd5 17. Bg5 {+/- 0.86 (69%) Depth 53/87}) (15. Rad1 Rc8 16. Qd2 Na5 17. Bh6 {+= 0.62 (60%) Depth 53/83}) 15... Rc8 $16 {Ein normaler Turmzug, aber eben nicht am genauesten.} ({genauer} 15... Na5 16. Bxb7 Nxb7 $11) 16. Rac1 $11 {Auch eine normale Fortsetzung, aber nicht das beste für Weiss.} ({besser} 16. Bh6 Bg7 17. h4 Na5 18. Bxb7 Nxb7 19. h5 $16) 16... Nf5 $11 {Fast gleichwertig gut wie 16...Sa5 usw.} 17. Bxf5 {Kein Fehler, doch schmerzt die Hergabe dieses Läufers gegen einen (zwar) starken Springer. Da der weisse Turm auf c1 nur zu einem späteren Tausch auf der c-Linie führt, kam 17.Tcd1 durchaus in Frage. Figurentausch wird so vermieden, der d4 gedeckt und Schwarz muss stets den möglichen Durchbruch d4-d5 beachten.} exf5 18. Bh6 Re8 19. Rxe8+ Qxe8 $11 20. Nd5 {[#]} (20. Bg5 Bxg5 21. Qxg5 Na5 22. Nd2 Rd8 23. Qh4 Nc6 24. Nf3 Qe7 25. Qxe7 Nxe7 26. Re1 Kf8 27. Ng5 Rxd4 28. Nxh7+ Ke8 29. Nf6+ Kd8 30. Nb5 Rd2 31. Nxa7 Rxb2 32. Rd1+ Kc7 33. h4 Kb8 34. Rd7 Kxa7 35. Rxe7 Rb1+ 36. Kh2 Ra1 37. Ne8 Kb8 38. Rxf7 Rxa3 39. Nd6 Bc6 40. Rg7 Ra2 41. Rxg6 Rxf2 42. Kg1 Rf4 43. Nxf5 Bd7 44. Rxb6+ Ka7 45. Ne7 Re4 46. Nd5 Rxh4 47. Kf2 Bc8 48. g3 Rd4 49. Rb5 Bb7 50. Nf4 Ka6 51. Rb2 Rd7 52. g4 Rh7 53. Kg3 Rh1 54. Nd3 Ka7 55. g5 Rd1 56. Nc5 Bc6 57. Rb4 Rc1 58. Ne4 Ka6 59. Kf4 Rf1+ 60. Kg4 Rg1+ 61. Ng3 Be8 62. Kf4 Bf7 63. Rb8 Bg6 64. Rg8 Bh7 65. Rh8 Bd3 66. g6 Re1 67. g7 Bc4 68. Rc8 Bd5 69. Rd8 Bc4 70. Rb8 Bd5 71. Kf5 Be6+ 72. Kf6 Bd5 73. Rd8 Bb3 74. g8=Q Bxg8 75. Rxg8 Kb7 76. Kf5 Rg1 77. Rf8 Rxg3 78. Ke6 {½-½ Scorpio 68000 sel. 4 (2080)-Mephisto Explorer Pro (2018) Match 62__120'/40 Zurich 2021 (15)}) 20... Bh8 $2 $18 {[%mdl 2] Das ***VERLIERT*** und hätte mit 20...Lg7 schlicht vermieden werden können. Der Saitek GK 2100, das Original des Mephisto Explorer Pro Clones, hätte hier mit 20...Lh8?, Tiefe 6-1; dann 20...Ld8, Tiefe 7-1; dann 20...Lh8?; und schliesslich mit 20...Le7 bei Tiefe , +0.5 nach rund 17 Min. die absolute Katastrophe vermieden. Auf Turnierstufe also keine Chance für eine gute Verteidigung.} 21. Qg5 $1 {Der Scorpio 68000 sel. 4 findet den Gewinnzug. Dessen Kraft erkennt er erst nach rund 4 Min. auf Suchtiefe d07, Bewertung 01.47. Das mehr als lästige Sf6+ kann nicht verhindert werden.} {[#]} Bxd4 $2 {Ganz schwach, geht nun doch in 6 Halbzügen die schwarze Dame verloren; 21...f6 leistet am meisten Widerstand. Der Saitek GK 2100, 20 MHz hätte das auf Turnierstufe gespielt, nachdem er auf Suchtiefe 9-4 das intern lange betrachtete ...Lxd4 schliesslich verworfen hat. Weshalb der mit 16 MHz etwas langsamere Clone (Explorer Pro) hier ganz anders reagiert, weiss ich nicht.} (21... f6 22. Nxf6+ Bxf6 23. Qxf6 Qf7 24. Qg5 Rc7 (24... Qd5 25. h4 {+- 5.37 (100%) Depth 45}) 25. h4 {+- 5.33 (100%) Depth 45}) (21... Qd8 {scheitert an einer hübschen Abwicklung} 22. Rxc6 $1 Qxg5 (22... Bxc6 23. Qxd8+ Rxd8 24. Ne7#) (22... Bg7 23. Rxc8 Qxc8 24. Ne7+) 23. Rxc8+ Bxc8 24. Nxg5 $18) (21... Qe6 22. Rxc6 $1 Bxc6 (22... f6 23. Rxe6 fxg5 24. Ne7+ Kf7 25. Nxg5+ Ke8 26. Nxc8+) 23. Ne7+ Qxe7 24. Qxe7 $18) 22. Nf6+ {Interessant, dass Saitek GK 2100 diesen Zug sofort mit einer Bewertung von +6.1 einschätzt.} Bxf6 23. Qxf6 Qf8 24. Bxf8 Rxf8 25. Rxc6 {auch das noch} Bxc6 26. Qxc6 {Mit Dame und Springer gegen Turm ist die Sache mehr als gelaufen.} Rd8 27. g3 Kg7 28. Qc3+ Kg8 29. Qc7 Ra8 30. Ne5 Rf8 31. Nd7 Ra8 32. Nb8 Kg7 33. Qb7 Rxb8 34. Qxb8 h5 35. Qxa7 b5 {***AUFGEGEBEN***} 1-0

[Event "Match 82__120'/40"]
[Site "Zürich"]
[Date "2025.??.??"]
[Round "16"]
[White "Mephisto Explorer Pro"]
[Black "Scorpio 68000 sel. 4"]
[Result "1-0"]
[Annotator "9-7 for Scorpio"]
[WhiteElo "2016"]
[BlackElo "2043"]
[WhiteFideId "-1"]
[BlackFideId "-1"]
[PlyCount "126"]
[GameId "542500985492"]
[EventDate "2025.10.05"]
[EventType "match"]
[EventRounds "50"]

{[%evp 0,126,25,16,58,58,86,74,48,40,48,34,73,26,47,36,19,9,23,17,37,40,29,28,71,61,61,25,25,36,36,8,8,2,2,2,22,-9,17,-8,50,51,81,73,140,110,122,118,122,134,159,99,136,79,84,103,111,92,111,29,42,50,116,95,95,97,97,112,88,88,99,84,73,84,154,99,90,56,77,65,79,69,420,423,460,491,540,549,570,564,574,579,636,643,647,605,629,648,663,633,641,647,692,645,700,630,651,660,675,705,726,726,748,790,816,806,877,863,951,962,987,987,1115,1140,1247,1311,1840,1381,2202]} 1. e4 c5 {Match Nr. 82 mit 120'/40 | Bediener: Rolf Bühler | Kommentator: Kurt Utzinger | 16. Partie: Weiss (Mephisto Explorer Pro 4) gewinnt | Zwischenstand: 9-7 für Scorpio 68000 sel. 4 | Stand hypothetisch: 9-7 für Mephisto Explorer Pro | Eröffnung: Sizilianisch, Najdorf, 6.Le2 | Buchzüge 7 (87) von Scorpio; 5 (73) von Mephisto Explorer Pro | Partieverlauf: Nach einer beidseits gut geführten Eröffnungsphase kommt Sand ins Getriebe und Ungenauigkeiten häufen sich. Die entscheidend schlechten Züge begeht jedoch der Scorpio 68000 sel. 4 und rutscht so dreimal in verlorene Stellungen. All diese Chancen vermag der Mephisto Explorer Pro indessen nicht zu nutzen. Dann geschieht mit 40...Sxc4?? das Unerklärbar und später nicht Reproduzierbare: Das Kittinger Programm opfert einen Springer für gar nichts. So kommt das Programm von Frans Morsch doch noch zu einem schliesslich verdienten Sieg.} 2. Nf3 d6 3. d4 cxd4 4. Nxd4 Nf6 5. Nc3 $14 {***ENDE BUCH***} a6 6. Be2 e5 7. Nb3 Be7 $11 {***ENDE BUCH***} 8. Bg5 {Ein positionell gesunder Zug, der die Kontrolle über das Feld d5 zum Ziel hat mittels einmal Lxf6 und dann Sd5. Diese Fortsetzung war vor wenigen Jahr sehr populär, hat heute aber seinen Schrecken verloren. Schwarz muss sich jedoch auskennen, um das Gleichgewicht zu wahren.} Nc6 {Eine seltene Wahl, denn üblich sind:} (8... Be6 9. Bxf6 Bxf6 10. Qd3 O-O 11. O-O-O Be7 $11 {1-0 (67) Carlsen,M (2831)-Aronian,L (2747) Oslo 2024}) (8... Nbd7 9. a4 h6 10. Bh4 O-O 11. O-O Qc7 $11 {1-0 (33) Bakalchuk,J (2451)-Sarana,A (2685) Chess.com INT 2023}) 9. Qd2 Be6 10. O-O {Die lange Rochade würde einen dynamischen Kampf nach dem Motto "wer kommt zuerst" bedeuten.} O-O 11. Rfd1 {Es ist überraschend, wie positionell gesund Weiss die Partie bislang angelegt hat.} Bxb3 $2 {Ein strategischer Fehlgriff, diesen für das Zentralfeld d5 wichtigen Läufer gegen einen noch untätigen Springer zu tauschen.} 12. axb3 Nd4 {Das war wohl die Idee des vorhergehenden Tausches.} 13. Bf1 {Mit diesem zahmen Rückzug ist kein Blumentopf zu gewinnen.} ({Stockfish 17.1:} 13. Bc4 {+/- 1.21 (86%) Depth 52} h6 14. Bxf6 Bxf6 15. Nd5 Rc8 16. Rf1 h5 17. Qd1 g6 18. c3 Ne6 19. g3 Kg7 20. Kg2 Nc5 21. Qe2 Nd7 22. b4 Nb6 23. Nxb6 Qxb6 24. Bd5 Qc7 25. h4 Qd7 26. Rfd1 Bd8 27. Rd3 Bb6 28. Rf1 Bd8 29. Rfd1 Be7 30. Bb3 Rcd8 31. Rf3 Rc8 32. Qd3 Qc6 33. Kf1 Rc7 34. Ke2 f5 35. Bd5 Qd7 36. exf5 gxf5 37. Kd2 {[%eval 121,52] [%wdl 716,284,0]}) 13... Ng4 $1 {Vermeidet den Tausch Lxf6, was dem weissen Springer die totale Kontrolle über d5 geben würde.} 14. Bxe7 (14. Be3 {war ein interessanter Versuch} Nxe3 15. fxe3 Ne6 $13 {unklar aus meiner Sicht}) 14... Qxe7 15. Bc4 Qh4 16. h3 Nf6 17. f3 Qg3 {droht ...Sxf3+ und folgendem Damengewinn} 18. Rf1 b5 19. Bd3 Nh5 20. Nd5 Ra7 21. Ra3 {Weiss spielt auf die Schwäche des rückständigen a-Bauern seines Gegners.} {[#]} f6 $2 $18 {[%mdl 2] Ein unscheinbarer ***VERLUSTZUG***} (21... Rfa8 22. b4 Nf4 23. Nxf4 Qxf4 $14 {hält die schwarze Stellung gerade noch zusammen.}) 22. c3 Nc6 23. Rfa1 Rfa8 24. Bf1 $1 {Sichert den Königsflügel. Gegen die Drohung Sb6 mit anschliessendem Bauerngewinn gibt es kein Rezept. Wie die Folge zeigt, hat Weiss diese Fortsetzung aber möglicherweise aus dem falschen Grund gewählt. Dies deshalb, weil der Mephisto Explorer Pro die Gewinnidee nicht konsequent umsetzt.} Kh8 25. Be2 {Zeitverlust ohne echte Nachteile. Aber das Damentauschangebot mit 25.Df2 gewinnt klar.} ({PROMENADE-bmi2:} 25. Qf2 {+- 3.89 (100%) Depth 45/68} Qxf2+ 26. Kxf2 Nf4 27. Nb6 b4 28. Rxa6 Rxa6 29. Rxa6 Rxa6 30. Bxa6 Kg8 31. Nc8 Kf8 32. Nxd6 g6 33. Bf1 Ne6 34. Bc4 Nc5 35. Ke2 h5 36. Bd5 Ke7 37. Nc4 Na7 38. Ne3 Nb5 39. Kd2 Nd6 40. cxb4 Na6 41. b5 Nxb5 42. Bc4 Nac7 43. Bxb5 Nxb5 44. Kd3 Nd6 45. f4 Ke6 46. fxe5 fxe5 47. Nc4 Nb5 48. b4 g5 49. Ne3 Nd6 50. Nd5 Kf7 51. Nc3 Ke6 {[%eval 389,45] [%wdl 1000,0,0]}) 25... h6 $18 26. Bd3 $6 $11 {Wiederum war der Rückzug des Läufers nach f1 entscheidend. Nun muss Weiss die Partie ein zweites Mal gewinnen.} Nf4 {Macht den weissen Plan kaputt, indem die Springer getauscht werden.} 27. Nxf4 exf4 28. Be2 Ne5 29. c4 (29. Bxb5 $4 {wäre ein Riesenfehler} Nxf3+ 30. Kf1 Nxd2+ 31. Ke2 Nxe4 32. Kd1 Qe3 33. Kc2 Qd2+ 34. Kb1 Qd1+ 35. Ka2 Nxc3+ 36. bxc3 Qc2#) 29... bxc4 30. bxc4 Nf7 {Mit 30...Tb7 und Druck gegen b2 stand eine bessere Verteidigung zur Verfügung.} ({Omega Explorer-avx2:} 30... Rb7 31. b4 Rab8 32. Rb1 Rb6 33. b5 Kh7 34. Qd1 axb5 35. cxb5 h5 36. Bf1 Kh6 37. Ra2 Kg5 38. Kh1 Kh6 39. Qd2 Kh7 40. Rab2 Kh6 41. Qc1 Kg6 42. Ra1 Kh6 43. Qc2 Kh7 44. Rc1 Kh6 45. Qd2 Kh7 46. Ra1 Kh6 47. Rb3 Kg6 48. Ra7 Kh7 {[%eval 69,46] [%wdl 158,842,0]}) 31. b4 {Mit einer nicht erfassbaren Variante meint die Engine, dass 31.Ta5 wesentlich stärker gewesen wäre.} Ng5 {droht ...Sxh3+} 32. Kh1 $14 {Weiss steht nur noch leicht besser.} Qf2 $2 $19 {[%mdl 2] Kehrtwende zum ***VERLUST*** Mit dem aktiven 32...f5 konnte Schwarz die Stellung halten.} (32... f5 $1 33. exf5 Nxh3 34. gxh3 Qxh3+ 35. Kg1 Qg3+ 36. Kf1 Qh2 37. Qd4 (37. Qe1 Qh1+ {und Dauerschach}) 37... Re7 38. R3a2 Rae8 39. Qf2 Qh1+ 40. Qg1 Qxg1+ 41. Kxg1 Rxe2 42. Rxa6 Rc2 43. Rxd6 Ree2 44. Rg6 Rxc4 45. Rb1 Re5 46. b5 Rcc5 47. b6 Rb5 48. Rxb5 Rxb5 $11) 33. R3a2 Qb6 34. Ra4 (34. b5 a5 35. Qxf4 Ne6 36. Qf5 Nd4 37. Qd5 Nxe2 38. Rxe2 $18) 34... Qf2 {Bewertung: +- (3.02) (100%) [+100% =0% -0%] Depth: 41/73 (T4a2)} 35. Ra5 $6 {Deutlich stärker war 35.T4a2 usw. Der Textzug büsst fast zwei Bauernheiten in der Bewertung ein.} Nf7 {+/- (1.21) (87%) [+74% =26% -0%] Depth: 49/81} 36. R5a2 $6 {Das ist weniger genau als 36.Da2, so dass sich der weisse Vorteil gemäss meiner Engine auf +/- 0.78 reduziert. Ein Sieg unter Oldies steht somit bereits in den Sternen.} Qe3 $2 $18 {[%mdl 2] Stolpert wieder in den ***VERLUST***.} (36... Qb6 37. Ra5 g5 38. c5 dxc5 39. bxc5 Qc7 40. Bc4 Ne5 41. Bd5 Rb8 $14 {und Weiss steht nur leicht besser.}) 37. Qe1 $6 {Weiss findet nicht den besten Weg und wieder schwindet die Aussicht auf einen Sieg. Bewertung: += 0.53} (37. Qxe3 fxe3 38. Ra5 Ne5 39. b5 Rc7 40. Rxa6 {+- 4.61(100%)/40}) 37... Ne5 38. Ra4 Qb6 39. Qg1 Qxg1+ 40. Rxg1 {[#]} Nxc4 $4 $18 {[%mdl 2] Dieser ***EINSTELLER*** einer Figur ist weder erklärbar noch nachvollziehbar.} ({PROMENADE-bmi2: 1)} 40... g5 {= 0.20(51%)/44} 41. Rd1 Rd7 42. b5 a5 43. Kg1 Kg7 44. Kf2 Kf7 45. Ke1 Ke6 46. Kd2 Rc7 47. Kc3 Nd7 48. Ra2 Nc5 49. h4 Nb7 50. Bd3 Rac8 51. Rh1 Nc5 52. Be2 Nd7 53. Rd1 Nb6 54. Rd4 Ra8 55. Rad2 Rd7 56. h5 Na4+ 57. Kb3 Nb6 58. Ra2 Rc7 59. Ra1 Ke7 60. Rd2 {[%eval 20,44] [%wdl 14,984,2]}) ({PROMENADE-bmi2: 2)} 40... Kh7 {= 0.31(51%)/43} 41. Rd1 a5 42. b5 Rd7 43. Kg1 Kg8 44. Kf1 Kf7 45. Ke1 Ke6 46. Kd2 Rc7 47. Kc3 Nd7 48. Rda1 Rca7 49. R4a2 Nb6 50. Kb3 g6 51. Rd1 Rc7 52. Rad2 Rd8 53. Ra1 Ra8 54. Rc1 g5 55. Rcd1 Rd7 56. Ra2 Rda7 57. Rc1 Rc8 58. Rca1 Rca8 59. Kc3 Ke5 60. Bd3 Ke6 61. h4 Ke5 62. Ra3 Nd7 63. Rh1 Nb6 64. hxg5 hxg5 {[%eval 31,43] [%wdl 24,975,1]}) 41. Bxc4 f5 {Auch bei diesem Zug hat man den Eindruck, dass dem Programm von David Kittinger alle Sicherungen durchgebrannt sind. Es versteht sich von selbst, dass dieses Bauernopfer sich ebenfalls nicht reproduzieren lässt.} 42. exf5 {Ab hier sind weitere Kommentare überflüssig.} Kh7 43. Rd1 a5 44. Rda1 Rd8 45. bxa5 g5 46. fxg6+ Kxg6 47. Rd1 Kg5 48. Rd5+ Kf6 49. Bd3 Ke6 50. Rh5 Rh8 51. Rxf4 Rc7 52. Rfh4 Rc3 53. Rxh6+ Rxh6 54. Rxh6+ Ke5 55. Be4 Rb3 56. Rh5+ Kf6 57. g4 Ra3 58. g5+ Ke6 59. g6 Kf6 60. Kg2 Ra2+ 61. Kg3 Ra1 62. Rd5 Ke6 63. f4 Ke7 {***AUFGEGEBEN***} 1-0